000049219 001__ 49219
000049219 005__ 20230317220906.0
000049219 0247_ $$2doi$$a10.1109/TASC.2010.2042441
000049219 0247_ $$2ISSN$$a1558-2515
000049219 0247_ $$2ISSN$$a1051-8223
000049219 0247_ $$2WOS$$aWOS:000283559900015
000049219 037__ $$aGSI-2013-00848
000049219 041__ $$aEnglish
000049219 082__ $$a530
000049219 1001_ $$0P:(DE-HGF)0$$aKovalenko, A$$b0$$eCorresponding author
000049219 245__ $$aThe FAIR SIS100 Synchrotron: Engineering Design of Superconducting Magnetic Modules
000049219 260__ $$aNew York, NY$$bIEEE$$c2010
000049219 3367_ $$0PUB:(DE-HGF)16$$2PUB:(DE-HGF)$$aJournal Article$$bjournal$$mjournal$$s1363011476_29842
000049219 3367_ $$2DRIVER$$aarticle
000049219 3367_ $$2BibTeX$$aARTICLE
000049219 3367_ $$00$$2EndNote$$aJournal Article
000049219 536__ $$0G:(DE-HGF)POF2-53G31$$a53G - Participation in FAIR (POF2-53G31)$$cPOF2-53G31$$fPOF II$$x0
000049219 588__ $$aDataset connected to CrossRef, repository.gsi.de
000049219 7001_ $$0P:(DE-HGF)0$$aBychkov, A$$b1
000049219 7001_ $$0P:(DE-Ds200)OR0302$$aFischer, Egbert$$b2
000049219 7001_ $$0P:(DE-HGF)0$$aHess, G$$b3
000049219 7001_ $$0P:(DE-HGF)0$$aKhodzhibagiyan, H$$b4
000049219 7001_ $$0P:(DE-Ds200)OR0621$$aKonradt, Markus$$b5
000049219 7001_ $$0P:(DE-Ds200)OR0759$$aMacavei, Johann$$b6
000049219 7001_ $$0P:(DE-Ds200)OR0795$$aMeier, Jan Patrick$$b7
000049219 7001_ $$0P:(DE-Ds200)OR1135$$aSchnizer, Pierre$$b8
000049219 7001_ $$0P:(DE-HGF)0$$aShabunov, A$$b9
000049219 7001_ $$0P:(DE-Ds200)OR1222$$aSpiller, Peter$$b10
000049219 7001_ $$0P:(DE-Ds200)OR1229$$aStadlmann, Jens$$b11
000049219 7001_ $$0P:(DE-HGF)0$$aTitova, G$$b12
000049219 773__ $$0PERI:(DE-600)2025387-4$$a10.1109/TASC.2010.2042441$$gVol. 20, no. 3, p. 180 - 183$$n3$$p180 - 183$$tIEEE transactions on applied superconductivity$$v20$$x1558-2515
000049219 909CO $$ooai:repository.gsi.de:49219$$pVDB
000049219 9101_ $$0I:(DE-Ds200)20121206GSI$$6P:(DE-Ds200)OR0302$$aGSI Helmholtzzentrum für Schwerionenforschung GmbH$$b2$$kGSI
000049219 9101_ $$0I:(DE-Ds200)20121206GSI$$6P:(DE-Ds200)OR0621$$aGSI Helmholtzzentrum für Schwerionenforschung GmbH$$b5$$kGSI
000049219 9101_ $$0I:(DE-Ds200)20121206GSI$$6P:(DE-Ds200)OR0759$$aGSI Helmholtzzentrum für Schwerionenforschung GmbH$$b6$$kGSI
000049219 9101_ $$0I:(DE-Ds200)20121206GSI$$6P:(DE-Ds200)OR0795$$aGSI Helmholtzzentrum für Schwerionenforschung GmbH$$b7$$kGSI
000049219 9101_ $$0I:(DE-Ds200)20121206GSI$$6P:(DE-Ds200)OR1135$$aGSI Helmholtzzentrum für Schwerionenforschung GmbH$$b8$$kGSI
000049219 9101_ $$0I:(DE-Ds200)20121206GSI$$6P:(DE-Ds200)OR1222$$aGSI Helmholtzzentrum für Schwerionenforschung GmbH$$b10$$kGSI
000049219 9101_ $$0I:(DE-Ds200)20121206GSI$$6P:(DE-Ds200)OR1229$$aGSI Helmholtzzentrum für Schwerionenforschung GmbH$$b11$$kGSI
000049219 9131_ $$0G:(DE-HGF)POF2-53G31$$1G:(DE-HGF)POF2-530$$2G:(DE-HGF)POF2-500$$3G:(DE-HGF)POF2$$4G:(DE-HGF)POF$$aDE-HGF$$bStruktur der Materie$$lPhysik der Hadronen und Kerne$$vParticipation in FAIR$$x0
000049219 9141_ $$y2010
000049219 915__ $$0StatID:(DE-HGF)0010$$2StatID$$aJCR/ISI refereed
000049219 915__ $$0StatID:(DE-HGF)0100$$2StatID$$aJCR
000049219 915__ $$0StatID:(DE-HGF)0110$$2StatID$$aWoS$$bScience Citation Index
000049219 915__ $$0StatID:(DE-HGF)0111$$2StatID$$aWoS$$bScience Citation Index Expanded
000049219 915__ $$0StatID:(DE-HGF)0150$$2StatID$$aDBCoverage$$bWeb of Science Core Collection
000049219 915__ $$0StatID:(DE-HGF)0199$$2StatID$$aDBCoverage$$bThomson Reuters Master Journal List
000049219 915__ $$0StatID:(DE-HGF)0200$$2StatID$$aDBCoverage$$bSCOPUS
000049219 915__ $$0StatID:(DE-HGF)0300$$2StatID$$aDBCoverage$$bMedline
000049219 915__ $$0StatID:(DE-HGF)1020$$2StatID$$aDBCoverage$$bCurrent Contents - Social and Behavioral Sciences
000049219 920__ $$lyes
000049219 9201_ $$0I:(DE-Ds200)SCM-20110830OR134$$kSCM$$lSC Magnets & Testing$$x0
000049219 9201_ $$0I:(DE-Ds200)20121002OR227$$kEMI$$lMaschinenbau$$x1
000049219 9201_ $$0I:(DE-Ds200)20121002OR226$$kEMD$$lKonstruktion$$x2
000049219 9201_ $$0I:(DE-Ds200)APH-20060809OR090$$kAPH$$lAccelerator Physics$$x3
000049219 980__ $$ajournal
000049219 980__ $$aVDB
000049219 980__ $$aUNRESTRICTED
000049219 980__ $$aI:(DE-Ds200)20121002OR134
000049219 980__ $$aI:(DE-Ds200)SCM-20110830OR134
000049219 980__ $$aI:(DE-Ds200)20121002OR227
000049219 980__ $$aI:(DE-Ds200)20121002OR226
000049219 980__ $$aI:(DE-Ds200)20121002OR090
000049219 980__ $$aI:(DE-Ds200)APH-20060809OR090